EFFECTIVENESS OF LOWER LIMB PROSTHETIC REHABILITATION TRANSTIBIAL AMPUTATION PATIENTS WITH PROSTHESIS-AN EXPERIMENTAL STUDY (Record no. 32234)

MARC details
000 -LEADER
fixed length control field 00410nam a22001457a 4500
003 - CONTROL NUMBER IDENTIFIER
control field SGT
082 ## - DEWEY DECIMAL CLASSIFICATION NUMBER
Classification number 617.3
Item number E24J
100 ## - MAIN ENTRY--PERSONAL NAME
Personal name JOSHI, RINKY
245 ## - TITLE STATEMENT
Title EFFECTIVENESS OF LOWER LIMB PROSTHETIC REHABILITATION TRANSTIBIAL AMPUTATION PATIENTS WITH PROSTHESIS-AN EXPERIMENTAL STUDY
260 ## - PUBLICATION, DISTRIBUTION, ETC. (IMPRINT)
Place of publication, distribution, etc GURUGRAM
Name of publisher, distributor, etc SGT UNIVERSITY
Year of Publication 2024
300 ## - PAGE DESCRIPTION
No. of Pages 106
650 ## - SUBJECT ADDED ENTRY--TOPICAL TERM
Topical term or geographic name as entry element ORTHOPEDICS
653 ## - KEYWORDS--INDEX TERM
Keyword term MPT
942 ## - ADDED ENTRY ELEMENTS (KOHA)
Source of classification or shelving scheme Dewey Decimal Classification
Koha item type Thesis/Dissertation
Holdings
Withdrawn status Lost status Source of classification or shelving scheme Damaged status Not for loan Home library Current library Shelving location Date acquired Full call number Accession No. (Barcode) Date last seen Bill Date Koha item type
    Dewey Decimal Classification   Not For Loan SGT Medical Library SGT Medical Library Reference Book 13/08/2025 617.3 E24J DT2352 13/08/2025 13/08/2025 Thesis/Dissertation